| 000 | 01265nam0a22003131 4500 | ||
|---|---|---|---|
| 001 | rc\2262552 | ||
| 005 | 20110826154048.7 | ||
| 035 | _a(NLR Aleph) 006527759 | ||
| 090 |
_a6500060 _c6500060 |
||
| 100 | _a20110826d1979 |||y0rusy50 ca | ||
| 101 | 0 | _arus | |
| 102 | _aRU | ||
| 105 | _ay z ||||| | ||
| 200 | 1 |
_aНаука - сельскому хозяйству _eТез. докл. III респ. совещ. _f[Редкол.: Э.Я. Лукевиц и др.] |
|
| 210 |
_aРига _cЗинатне _d1979 |
||
| 215 |
_a153 с. _d20 |
||
| 300 | _aВ надзаг.: М-во сел. хоз-ва ЛатвССР, АН ЛатвССР, Ин-т орган. синтеза | ||
| 606 |
_aСельское хозяйство _jТезисы докладов _yЛатвийская ССР _2psbo |
||
| 686 |
_aП.е(2)Ия43 _2rubbk |
||
| 702 | 1 |
_aЛукевиц _bЭ. Я. _gЭдмунд Янович _4340 |
|
| 712 | 0 | 1 |
_aЛатвССР _bМ-во сельского хозяйства |
| 712 | 0 | 2 |
_aИнститут органического синтеза _cРига _3RU\NLR\AUTH\889929115 |
| 801 | 0 |
_aRU _bNLR _gpsbo |
|
| 801 | 1 |
_aRU _bELAR _2rusmarc |
|
| 852 |
_aNLR _j80-3/4381 |
||
| 899 |
_aRuMoRGB _jB 79-59/81 |
||
| 899 |
_aRuMoRGB _jB 79-59/82 |
||
| 942 | _cBOOK | ||
| 980 | _aNB | ||